Psychology in organizations: the social identity approach. -- 2nd ed. (Record no. 77128)

MARC details
000 -LEADER
fixed length control field 00910nam a2200217 a 4500
008 - FIXED-LENGTH DATA ELEMENTS--GENERAL INFORMATION
fixed length control field 090105s2004 ||||||||||||||||| || u
020 ## - INTERNATIONAL STANDARD BOOK NUMBER
International Standard Book Number 0761942319
050 ## - LIBRARY OF CONGRESS CALL NUMBER
Classification number HD 58.7 Has
100 ## - MAIN ENTRY--PERSONAL NAME
Personal name Haslam, S. Alexander
245 10 - TITLE STATEMENT
Title Psychology in organizations: the social identity approach. -- 2nd ed.
Statement of responsibility, etc. S. Alexander Haslam
250 ## - EDITION STATEMENT
Edition statement 2nd ed.
260 ## - PUBLICATION, DISTRIBUTION, ETC.
Place of publication, distribution, etc. London:
Name of publisher, distributor, etc. SAGE Publications
Date of publication, distribution, etc. 2004
300 ## - PHYSICAL DESCRIPTION
Extent xxvi, 306p.: ill.
350 ## -
-- 0.00
650 ## - SUBJECT ADDED ENTRY--TOPICAL TERM
Topical term or geographic name entry element ORGANIZATIONAL BEHAVIOUR
650 #0 - SUBJECT ADDED ENTRY--TOPICAL TERM
Topical term or geographic name entry element SOCIAL PSYCHOLOGY
650 ## - SUBJECT ADDED ENTRY--TOPICAL TERM
Topical term or geographic name entry element Group identity
650 #3 - SUBJECT ADDED ENTRY--TOPICAL TERM
Topical term or geographic name entry element PSYCHOLOGY
995 ## -
-- MAIN LIBRARY OPEN ACCESS
-- 0.00
-- 739513
-- CBU-MAIN LIBRARY (Kitwe)
-- 1
-- 0.00
-- HD 58.7 HAS
-- 1
-- AVAILABLE
-- Feb 3, 2009
-- 739513
-- Main Library Open Access Collection
995 ## -
-- MAIN LIBRARY OPEN ACCESS
-- 744069
-- CBU-MAIN LIBRARY (Kitwe)
-- 0.00
-- HD 58.7 Has
-- 2
-- AVAILABLE
-- Jun 18, 2013
-- 744069
-- Main Library Open Access Collection
999 ## -
-- 77128
-- 77128
Holdings
Withdrawn status Lost status Source of classification or shelving scheme Damaged status Not for loan Permanent Location Current Location Date acquired Total Checkouts Full call number Barcode Date last seen Copy number Price effective from Koha item type
          CBU-MAIN LIBRARY, KITWE. CBU-MAIN LIBRARY, KITWE. 04/25/2023   HD 58.7 Has 739513cMain Library 04/25/2023 1 04/25/2023 MONOGRAPH
          CBU-MAIN LIBRARY, KITWE. CBU-MAIN LIBRARY, KITWE. 04/25/2023   HD 58.7 Has 744069cMain Library 04/25/2023 2 04/25/2023 MONOGRAPH